[Event "OP-2012-0-02318"]
[Site "LSS email"]
[Date "2012.07.27"]
[Round "?"]
[White "Delorenzi Serrato, Jose Raul"]
[Black "Pilarska, Lucyna"]
[Result "0-1"]
[WhiteElo "564"]
[BlackElo "2399"]
[PlyCount "54"]
[EventDate "2012.07.23"]
[EventType "tourn (corr)"]
[EventRounds "4"]
[EventCountry "GER"]
[SourceTitle "Telechess CBM 153"]
[Source "ChessBase"]
[SourceDate "2013.03.14"]
[SourceVersion "1"]
[SourceVersionDate "2013.03.14"]
[SourceQuality "1"]

1. e3 e5 2. d3 d5 3. Ne2 Nf6 4. Ng3 c5 5. Be2 Nc6 6. Nd2 Be7 7. Nb3 0-0 8. Bd2 Be6 9. 0-0 c4 10. dxc4 dxc4 11. Na5 Nxa5 12. Bxa5 Qxa5 13. c3 Rfd8 14. Qc2 Rd7 15. Rfd1 Rad8 16. Rxd7 Rxd7 17. a3 Qd8 18. Rd1 Rxd1+ 19. Qxd1 Qxd1+ 20. Bxd1 Nd7 21. h3 Nc5 22. Bc2 Nd3 23. Bxd3 cxd3 24. Kf1 Bd5 25. f3 Bh4 26. Ne4 Bxe4 27. fxe4 Kf8 0-1

[Event "OP-2012-0-02315"]
[Site "LSS email"]
[Date "2012.07.25"]
[Round "?"]
[White "Delorenzi Serrato, Jose Raul"]
[Black "Filin, Evgeny Konstantinov"]
[Result "0-1"]
[WhiteElo "564"]
[BlackElo "1702"]
[PlyCount "30"]
[EventDate "2012.07.22"]
[EventType "tourn (corr)"]
[EventRounds "4"]
[EventCountry "GER"]
[SourceTitle "Corr 2015"]
[Source "ChessBase"]
[SourceDate "2015.07.17"]
[SourceVersion "1"]
[SourceVersionDate "2015.07.17"]
[SourceQuality "1"]

1. e3 Nf6 2. d3 Nc6 3. Ne2 e5 4. Ng3 d5 5. Be2 h5 6. h4 Be6 7. Nd2 Ng4 8. Bxg4 Bxg4 9. f3 Be6 10. Nb3 Be7 11. Bd2 Bxh4 12. Kf2 Qg5 13. Rh3 Bxh3 14. gxh3 Qxg3+ 15. Ke2 Qf2# 0-1

[Event "OP-2012-0-02314"]
[Site "LSS email"]
[Date "2012.07.24"]
[Round "?"]
[White "Delorenzi Serrato, Jose Raul"]
[Black "Husemann, Andreas"]
[Result "0-1"]
[WhiteElo "564"]
[BlackElo "1907"]
[PlyCount "46"]
[EventDate "2012.07.21"]
[EventType "tourn (corr)"]
[EventRounds "4"]
[EventCountry "GER"]
[SourceTitle "Telechess CBM 153"]
[Source "ChessBase"]
[SourceDate "2013.03.14"]
[SourceVersion "1"]
[SourceVersionDate "2013.03.14"]
[SourceQuality "1"]

1. e3 d5 2. d3 e5 3. Ne2 Bd6 4. Ng3 Nf6 5. Be2 Nc6 6. Nd2 Be6 7. Nb3 a5 8. a4 Qe7 9. Bd2 0-0 10. c4 e4 11. dxe4 dxc4 12. Nd4 Bxg3 13. hxg3 Nxd4 14. exd4 Nxe4 15. Be3 Bd5 16. f3 Nxg3 17. Rh3 Qxe3 18. Rxg3 Qg1+ 19. Kd2 Qxd4+ 20. Kc1 Qf4+ 21. Qd2 Qxg3 22. Qxd5 Rfd8 23. Qxc4 Qe1+ 0-1

[Event "OP-2012-0-02314"]
[Site "LSS email"]
[Date "2012.07.24"]
[Round "?"]
[White "Pilgram, Kurt"]
[Black "Delorenzi Serrato, Jose Raul"]
[Result "1-0"]
[WhiteElo "1602"]
[BlackElo "564"]
[PlyCount "33"]
[EventDate "2012.07.21"]
[EventType "tourn (corr)"]
[EventRounds "4"]
[EventCountry "GER"]
[SourceTitle "Corr 2015"]
[Source "ChessBase"]
[SourceDate "2015.07.17"]
[SourceVersion "1"]
[SourceVersionDate "2015.07.17"]
[SourceQuality "1"]

1. d4 d6 2. c4 e6 3. e4 Ne7 4. Nc3 Ng6 5. Nf3 Be7 6. g3 Nd7 7. h4 h5 8. Be3 Nb6 9. a4 a5 10. Be2 Bd7 11. c5 dxc5 12. dxc5 Nc8 13. Ng5 f6 14. Bxh5 fxg5 15. Bxg6+ Kf8 16. Qf3+ Kg8 17. Qf7# 1-0

[Event "SN-2012-0-00448"]
[Site "LSS email"]
[Date "2012.07.24"]
[Round "?"]
[White "Villar, Jeremias"]
[Black "Delorenzi Serrato, Jose Raul"]
[Result "1-0"]
[WhiteElo "926"]
[BlackElo "564"]
[PlyCount "57"]
[EventDate "2012.07.06"]
[EventType "tourn (corr)"]
[EventRounds "6"]
[EventCountry "GER"]
[SourceTitle "Telechess CBM 165"]
[Source "ChessBase"]
[SourceDate "2015.03.11"]
[SourceVersion "1"]
[SourceVersionDate "2015.03.11"]
[SourceQuality "1"]

1. d4 d6 2. Nf3 e6 3. e3 Ne7 4. c4 Ng6 5. Bd3 Be7 6. 0-0 Nd7 7. Bxg6 hxg6 8. e4 Nf6 9. Nc3 Bd7 10. Bg5 Nh5 11. Bxe7 Qxe7 12. Qb3 b6 13. Rad1 c6 14. d5 cxd5 15. cxd5 e5 16. Nb5 Bxb5 17. Qxb5+ Kf8 18. Rc1 Kg8 19. Rc6 Kh7 20. Qb4 Nf4 21. Qd2 g5 22. g3 Nh3+ 23. Kg2 g4 24. Nh4 f6 25. Nf5 Qd7 26. Rxd6 Qa4 27. f3 g6 28. Qh6+ Kg8 29. Qg7# 1-0

[Event "ZN-2012-0-01990"]
[Site "LSS email"]
[Date "2012.07.06"]
[Round "?"]
[White "Goepfert, Christian"]
[Black "Delorenzi Serrato, Jose Raul"]
[Result "1-0"]
[WhiteElo "563"]
[BlackElo "561"]
[PlyCount "29"]
[EventDate "2012.07.03"]
[EventType "match (corr)"]
[EventRounds "2"]
[EventCountry "GER"]
[SourceTitle "Corr 2015"]
[Source "ChessBase"]
[SourceDate "2015.07.17"]
[SourceVersion "1"]
[SourceVersionDate "2015.07.17"]
[SourceQuality "1"]

1. e4 e6 2. d4 d6 3. Nf3 Ne7 4. Nc3 Ng6 5. h4 h5 6. Be2 Be7 7. Bg5 f6 8. Be3 Nd7 9. Qd2 Nb6 10. 0-0-0 Bd7 11. Bd3 c6 12. e5 dxe5 13. Bxg6+ Kf8 14. dxe5 f5 15. Bxb6 1-0

[Event "OP-2012-0-02213"]
[Site "LSS email"]
[Date "2012.05.25"]
[Round "?"]
[White "Delorenzi Serrato, Jose Raul"]
[Black "Ballarin, Alessandro"]
[Result "0-1"]
[WhiteElo "619"]
[BlackElo "897"]
[PlyCount "36"]
[EventDate "2012.05.22"]
[EventType "tourn (corr)"]
[EventRounds "4"]
[EventCountry "GER"]
[SourceTitle "Telechess CBM 153"]
[Source "ChessBase"]
[SourceDate "2013.03.14"]
[SourceVersion "1"]
[SourceVersionDate "2013.03.14"]
[SourceQuality "1"]

1. e4 e5 2. Nf3 Nc6 3. Bb5 a6 4. Bxc6 dxc6 5. Nc3 Bg4 6. h3 Bxf3 7. Qxf3 Bb4 8. a3 Ba5 9. b4 Bb6 10. 0-0 Nf6 11. d3 h6 12. Be3 0-0 13. Qg3 g5 14. Bxb6 cxb6 15. Rae1 Qd4 16. Ne2 Qb2 17. Qxe5 Qxe5 18. Ng3 c5 0-1